| 000 | 01293nam a2200253Ia 4500 | ||
|---|---|---|---|
| 003 | GCL | ||
| 008 | 140319s9999 xx 000 0 ara d | ||
| 020 | _a600208977 | ||
| 040 |
_aGCL / _cGCL |
||
| 082 | 0 | 4 |
_a239.8 _bهـ ف |
| 100 | 1 | _aهالة أحمد زكى | |
| 245 | 1 | 0 |
_aفى رحاب ال البيت : _bالحسين سيدآ وشهيدآ وحبييآ . السيدة نفيسة راحة القلب على أعتابك . السيدة زينب الله لن يخذلنا أبدآ . الامام الشافعى رسالة حب إلى الطير المسافر . الشقيقان سكينة وعلى . فى مصر البحث عن الصبر والامان / _cهالة أحمد زكى |
| 250 | _aالاولى | ||
| 260 |
_aالقاهرة : _bمكتبة مدبولى ، _c2006 |
||
| 300 |
_a160 ص ؛ _c24 سم |
||
| 650 | 0 | 4 | _aالاثار الاسلامية |
| 650 | 0 | 4 | _aزوجات النبى صلى الله عليه وسلم |
| 650 | 0 | 4 | _aالسيدة زينب |
| 650 | 0 | 4 | _aالسيدة نفيسة |
| 650 | 0 | 4 | _aالمساجد - مصر |
| 650 | 0 | 4 | _aالشافعى: ابوعبدالله محمد بن ادريس بن العباس بن عثمان بن شافع بن السائب |
| 650 | 0 | 4 | _aاهل بيت الرسول صلى الله عليه وسلم |
| 942 |
_2ddc _cBK |
||
| 999 |
_c9499 _d9499 |
||